FIFA 17 Top 20 Goalkeepers - Statistics

General Stats
  • This quiz has been taken 1,255 times
  • The average score is 14 of 20
Answer Stats
Club Position Overall Player % Correct
Bayern Munchen 1st 92 Neuer
99%
Manchester United 2nd 90 De Gea
98%
Juventus 5th 88 Buffon
96%
Tottenham Hotspur 4th 88 Lloris
96%
Chelsea 3rd 89 Courtois
92%
Atletico Madrid 8th 87 Oblak
92%
Barcelona 20th 83 Ter Stegen
90%
Real Madrid 10th 85 Navas
89%
Arsenal 6th 88 Cech
88%
Inter Milan 7th 87 Handanovic
78%
Manchester City 13th 85 Bravo
71%
Torino 15th 84 Hart
68%
Bayer Leverkusen 9th 86 Leno
64%
Borussia Monchengladbach 18th 84 Sommer
58%
Crystal Palace 12th 85 Mandanda
51%
Napoli 17th 84 Reina
48%
Saint Etienne 11th 85 Ruffier
48%
Sporting 16th 84 Patricio
42%
AS Monaco 19th 83 Subasic
41%
Schalke 14th 84 Fahrmann
37%
No matching quizzes found
Score Distribution
Percent of People with Each Score
Percentile by Number Answered
Your Score History
You have not taken this quiz